000 00908cam a22002897a 4500
003 CHAP
005 20220329141405.0
008 971013s1987 r 00010 d
010 _a67401
011 _a68373
035 _a77845
040 _cCHAP
082 _a338.19
_bD53
110 _aDICONSA. México
_932482
245 0 _aDICONSA en la modernización comercial y la regulación del abasto popular
260 _aMéxico :
_bDICONSA,
_c1987
300 _a191 P.
590 _aBATCH-UPD
_b10
_c20130110
_lUCH01
_h1614
590 _aBATCH-UPD
_b10
_c20130410
_lUCH01
_h1009
590 _aBATCH-UPD
_b10
_c20130914
_lUCH01
_h0148
590 _aCONVERSION
_b10
_c20130109
_lUCH01
_h1337
650 1 4 _aAlimentos
_xAbastecimiento
_xMexico.
_94132
700 0 _aSalinas de Gortari, Raúl.
_9101652
901 _aBK
942 _cLIBRO
949 _a338.19 D53
_bBC
_cLIBRO
_d33724000112256
_eLIBRO
_h73354
_i77845
_mD
_si
999 _c67401
_d67401